000 00514nam a2200169Ia 4500
999 _c6821
_d6821
020 _a8180695824
082 _aRR 923.25403 PAS-E
100 _aPasricha, Ashu
245 0 _aEncyclopaedia of eminent thinkers: the political thought of Mahadev Govind Ranade
260 _aNew Delhi
_bConcept Publishing
_c2009
300 _a146
504 _aincludes bibliography and index
650 _aStaesmen
_vBiography
_zIndia
650 _aPolitical science
_zIndia
650 _aIndia
_vPolitics and government
942 _cBK